"Medicina veterinaria: Libro de texto sobre las enfermedades del ganado vacuno, ovino, porcino y caballar, por los doctores" (Record no. 33188)

MARC details
000 -LEADER
campo de control de longitud fija 00384nam a2200109Ia 4500
005 - FECHA Y HORA DE LA ÚLTIMA TRANSACCIÓN
campo de control 20251222154305.0
008 - DATOS DE LONGITUD FIJA--INFORMACIÓN GENERAL
campo de control de longitud fija 251222s9999||||xx |||||||||||||| ||spa||
100 ## - ENTRADA PRINCIPAL--NOMBRE DE PERSONA
Nombre de persona "Blood, D. C.Henderson, J. A.Dadostits, O. M."
245 #0 - MENCIÓN DEL TÍTULO
Título "Medicina veterinaria: Libro de texto sobre las enfermedades del ganado vacuno, ovino, porcino y caballar, por los doctores"
250 ## - MENCION DE EDICION
Mención de edición 5a.ed.
942 ## - ELEMENTOS DE ENTRADA SECUNDARIOS (KOHA)
Tipo de ítem Koha Libros
Holdings
Estatus retirado Estado de pérdida Estado de daño No para préstamo Biblioteca de origen Biblioteca actual Ubicación en estantería Fecha de adquisición Total de préstamos Código de barras Visto por última vez Precio de reemplazo Tipo de ítem Koha
        Biblioteca Tarma Biblioteca Tarma Programa 22/12/2025   0000208 22/12/2025 22/12/2025 Libros